000 00547nam a2200217Ia 4500
003 OSt
005 20220928141456.0
006 a|||||r|||| 00| 0
007 ta
008 220927b |||||||| |||| 00| 0 eng d
024 _a15407
037 _cTextual
040 _aSDCL
_cSDCL
_beng
041 _2eng
_aeng
082 _aO122,3M711:g, M9
100 _aHodson Leighton Ed.
_9500490
245 0 _aMarcel Proust.
260 _c1989
942 _hO122,3M711:g, M9
_cTEXL
_2CC
999 _c817814
_d817814